000 00787nam a2200265Ia 4500
003 OSt
005 20220924115441.0
006 a|||||r|||| 00| 0
007 ta
008 220923b |||||||| |||| 00| 0 san d
020 _a818512244X (hbk)
020 _c1000
024 _a239924
037 _b1999/I, 27/01/2009, Vidyanidhi Prakashan
_cTextual
040 _aARTS
_cARTS
_bsan
041 _2san
_asan
082 _aR66xH50,2, 15P8
100 _aMishra Sachchidanand
_9178296
245 0 _aJiwana mukti viveka
260 _aDelhi
_bBhartiya Book Corp. India
_c2008
300 _a284p.
_ccm.
650 _aPHILOSOPHY
942 _hR66xH50,2, 15P8
_cTEXL
_2CC
999 _c398386
_d398386